[Event "Chigorin Memorial Open"]
[Site "St Petersburg RUS"]
[Date "2011.10.16"]
[Round "3.109"]
[White "Bondarenko, Dmitry"]
[Black "Skvortsov, Alexander"]
[Result "1/2-1/2"]
[WhiteElo "1894"]
[BlackElo "2179"]
[WhiteFideId "34105708"]
[BlackFideId "24170038"]
[EventDate "2011.10.14"]

1. Nf3 d5 2. d4 Nf6 3. e3 Bg4 4. Be2 e6 5. Nbd2 Be7 6. h3 Bh5 7. c3 O-O 8. g4
Bg6 9. Ne5 c5 10. Nxg6 fxg6 11. g5 Ne8 12. Bg4 Bxg5 13. Bxe6+ Kh8 14. Nf3 Nc7
15. Nxg5 Qxg5 16. Bg4 c4 17. Qe2 Qf6 18. h4 Nc6 19. e4 dxe4 20. Bg5 Qf7 21. h5
Nd5 22. hxg6 Qxg6 23. Be3 Nf4 24. Bh5 Nxh5 25. Qxh5 Qxh5 26. Rxh5 Rac8 27. O-O-O
g6 28. Rc5 Ne7 29. Re5 Rc7 30. Rxe4 Nd5 31. Bh6 Rfc8 32. Rde1 Kg8 33. Re5 Rd7
34. Re8+ Rxe8 35. Rxe8+ Kf7 36. Rc8 Rc7 37. Rf8+ Ke6 38. Re8+ Re7 39. Rc8 Rc7
40. Re8+ Kd7 41. Rh8 Kc6 42. Rf8 b5 43. a3 Kd7 44. Kd2 Ke6 45. Re8+ Kd7 46. Re5
Kc6 47. Re6+ Kd7 48. Re5 1/2-1/2

[Event "Chigorin Memorial Open"]
[Site "St Petersburg RUS"]
[Date "2011.10.16"]
[Round "3.111"]
[White "Zakharov, Yuri"]
[Black "Pyatin, Alexander"]
[Result "1-0"]
[WhiteElo "1869"]
[BlackElo "2124"]
[WhiteFideId "4166620"]
[BlackFideId "24125920"]
[EventDate "2011.10.14"]

1. Nf3 Nf6 2. g3 d5 3. Bg2 c5 4. d3 Nc6 5. Nbd2 e6 6. O-O Be7 7. e4 O-O 8. e5
Nd7 9. Re1 Qc7 10. Qe2 b5 11. c3 Rb8 12. Nf1 c4 13. d4 b4 14. Bg5 bxc3 15. bxc3
Ba3 16. Reb1 Ba6 17. Qc2 Qa5 18. Bc1 Nb6 19. Ne3 Rb7 20. Nd1 Rfb8 21. Ng5 g6 22.
Bxa3 Qxa3 23. Bh3 Nd8 24. Rb4 Nc6 25. Rb2 Nd8 26. Rab1 Na4 27. Rxb7 Rxb7 28.
Rxb7 Bxb7 29. Nf3 Bc6 30. Bf1 Nb6 31. Qb2 Qxb2 32. Nxb2 Ba4 33. Be2 Nc6 34. Nd2
Bc2 35. Kf1 Nxd4 36. cxd4 c3 37. Bd3 Bxd3+ 38. Nxd3 cxd2 39. Ke2 Nc4 40. Nc5 Kf8
41. Nb3 Ke7 42. Nxd2 Nb2 43. Nb3 Kd7 44. Kd2 Kc6 45. Kc2 Na4 46. Nd2 Kb5 47. Kb3
Nb6 48. Nb1 Nc4 49. a4+ Ka5 50. h4 h5 51. Nc3 Nd2+ 52. Kc2 Nf3 53. Kd3 Kb4 54.
Nb5 a6 55. Nd6 Kxa4 56. Kc3 a5 57. Nxf7 Ng1 58. Ng5 Ne2+ 59. Kd3 Kb4 60. Nxe6 a4
61. Nc7 a3 62. Nxd5+ Kb3 63. e6 a2 64. e7 a1=Q 65. e8=Q Qd1+ 66. Ke3 Nxd4 67.
Qb8+ Kc4 68. Nb6+ Kc5 69. Qe5+ 1-0

[Event "Chigorin Memorial Open"]
[Site "St Petersburg RUS"]
[Date "2011.10.16"]
[Round "3.112"]
[White "Trofimchuk, Vladimir"]
[Black "Kalinin, Nikita"]
[Result "0-1"]
[WhiteElo "1857"]
[BlackElo "2102"]
[WhiteFideId "4199227"]
[BlackFideId "24155390"]
[EventDate "2011.10.14"]

1. e4 c5 2. Bc4 e6 3. Nc3 Nc6 4. Nf3 g6 5. d4 cxd4 6. Nxd4 a6 7. O-O Bg7 8. Be3
Nge7 9. Qd2 d5 10. exd5 exd5 11. Be2 O-O 12. Rad1 Be6 13. Nxe6 fxe6 14. Bh6 Bxh6
15. Qxh6 Nf5 16. Qh3 Qb6 17. b3 Nb4 18. Bd3 Rac8 19. Bxf5 Rxf5 20. Ne2 Nxc2 21.
Rc1 Rcf8 22. Qg3 Nd4 23. Nxd4 Qxd4 24. h3 e5 25. Rc2 e4 26. Qg4 Qf6 27. Qe2 Qe5
28. Qg4 e3 29. f3 d4 30. Re2 Qc5 31. Qe4 Re5 32. Qd3 Rc8 33. f4 Rd5 34. Rf3 Qb5
35. Qe4 Re8 36. a4 Rxe4 37. axb5 d3 0-1

[Event "Chigorin Memorial Open"]
[Site "St Petersburg RUS"]
[Date "2011.10.16"]
[Round "3.113"]
[White "Gumirov, Konstantin L"]
[Black "Bondarev, Ivan"]
[Result "1/2-1/2"]
[WhiteElo "2057"]
[BlackElo "1892"]
[WhiteFideId "4125061"]
[BlackFideId "4185110"]
[EventDate "2011.10.14"]

1. e4 c5 2. Nf3 Nf6 3. Nc3 d5 4. e5 d4 5. Ne2 Nfd7 6. c3 dxc3 7. bxc3 e6 8. d4
Nc6 9. g3 cxd4 10. cxd4 Be7 11. Bg2 O-O 12. O-O Nb6 13. Nf4 Nb4 14. h4 N4d5 15.
Nh5 g6 16. Nf4 Nxf4 17. Bxf4 Nd5 18. Bh6 Re8 19. h5 b6 20. Qd2 Bb4 21. Qd3 Bf8
22. Bxf8 Rxf8 23. Qd2 Kg7 24. Nh2 h6 25. f4 Ba6 26. Rf2 Rc8 27. g4 Ne7 28. Be4
f5 29. exf6+ Rxf6 30. g5 hxg5 31. fxg5 Rxf2 32. Qxf2 Nf5 33. h6+ Kg8 34. Nf3 Rc3
35. Rd1 Rxf3 36. Bxf3 Qxg5+ 37. Kh1 Qxh6+ 38. Qh2 Qe3 39. Qb8+ Kf7 40. Qc7+ Kf8
41. Qb8+ Kf7 42. Qc7+ Kf8 1/2-1/2

[Event "Chigorin Memorial Open"]
[Site "St Petersburg RUS"]
[Date "2011.10.16"]
[Round "3.115"]
[White "Sokolova, Vera"]
[Black "Stroganov, Anatoly"]
[Result "1-0"]
[WhiteTitle "WFM"]
[WhiteElo "2052"]
[BlackElo "1866"]
[WhiteFideId "24120200"]
[BlackFideId "4178955"]
[EventDate "2011.10.14"]

1. e4 d6 2. d4 Nf6 3. Nc3 g6 4. f4 Bg7 5. Nf3 O-O 6. Bd3 Bg4 7. Be3 c6 8. h3
Bxf3 9. Qxf3 e6 10. g4 Nfd7 11. O-O-O Qc7 12. Kb1 a6 13. h4 c5 14. Bf1 Nc6 15.
Ne2 cxd4 16. Nxd4 Nxd4 17. Bxd4 Rac8 18. Rh2 e5 19. Bc3 exf4 20. Bxg7 Kxg7 21.
Qxf4 Ne5 22. h5 f6 23. hxg6 hxg6 24. Qh6+ Kf7 25. g5 Ke7 26. Bh3 Rce8 27. Rf2
Rf7 28. gxf6+ Kd8 29. Qf4 Qb6 30. Rfd2 1-0

[Event "Chigorin Memorial Open"]
[Site "St Petersburg RUS"]
[Date "2011.10.16"]
[Round "3.116"]
[White "Kokhnover, Ilya"]
[Black "Ershov, Valentin"]
[Result "0-1"]
[WhiteElo "1821"]
[BlackElo "2031"]
[WhiteFideId "24159174"]
[BlackFideId "24166430"]
[EventDate "2011.10.14"]

1. e4 c5 2. Nf3 d6 3. d4 cxd4 4. Nxd4 Nf6 5. Nc3 a6 6. Be2 Nbd7 7. O-O e6 8. Be3
b5 9. a3 Bb7 10. f3 Be7 11. Qe1 O-O 12. Qg3 Kh8 13. Rad1 Qc7 14. Bd3 Nc5 15.
Rfe1 Rac8 16. Bf2 Nxd3 17. cxd3 d5 18. Qxc7 Rxc7 19. Bg3 Rcc8 20. Nce2 Nd7 21.
b4 Rfe8 22. Rc1 e5 23. Nb3 Bg5 24. Rcd1 g6 25. Bf2 Rc2 26. h4 Bh6 27. g4 f6 28.
Na5 Ba8 29. Nc1 Rec8 30. Ncb3 Bf4 31. d4 dxe4 32. fxe4 Ra2 33. Nc5 Nxc5 34. dxc5
f5 35. exf5 gxf5 36. g5 e4 37. Bd4+ Kg8 38. Ra1 Rc2 39. Rf1 Bh2+ 40. Kh1 e3+ 41.
c6 R8xc6 42. Rf3 Rd6 0-1

[Event "Chigorin Memorial Open"]
[Site "St Petersburg RUS"]
[Date "2011.10.16"]
[Round "3.119"]
[White "Shmoilov, Dmitry"]
[Black "Egorov, Daniil"]
[Result "1-0"]
[WhiteElo "1998"]
[BlackElo "1826"]
[WhiteFideId "24160342"]
[BlackFideId "24171956"]
[EventDate "2011.10.14"]

1. e4 c5 2. Nf3 d6 3. d4 cxd4 4. Nxd4 Nf6 5. Nc3 Nc6 6. Bc4 Qb6 7. Ndb5 a6 8.
Be3 Qa5 9. Nd4 Ne5 10. Nb3 Qc7 11. Be2 Neg4 12. Bxg4 Bxg4 13. f3 Be6 14. Qd2 b5
15. Nd4 Bc8 16. g4 Bb7 17. O-O-O Nd7 18. Kb1 Ne5 19. b3 Rc8 20. Nd5 Bxd5 21.
exd5 Qb7 22. Qa5 g6 23. h3 Bg7 24. f4 Nd7 25. Nc6 Nf6 26. Bd4 O-O 27. Nb4 Ra8
28. Rhe1 Rfe8 29. Qb6 Qxb6 30. Bxb6 Nd7 31. Bd4 a5 32. Nc6 Bf8 33. f5 a4 34. Re2
f6 35. Rde1 Ne5 36. Bxe5 fxe5 37. Re4 axb3 38. cxb3 Ra6 39. Rb4 Rea8 40. Re2
gxf5 41. gxf5 Rb6 42. a4 Raa6 43. axb5 Ra8 44. Ra2 Rxa2 45. Kxa2 Kf7 46. Na5 Bh6
47. Nc4 Rb8 48. b6 e4 49. b7 e3 50. Na5 e2 51. Re4 e1=Q 52. Rxe1 Bd2 53. Nc6
Rxb7 54. Re2 Bc3 55. Nd8+ 1-0

[Event "Chigorin Memorial Open"]
[Site "St Petersburg RUS"]
[Date "2011.10.16"]
[Round "3.120"]
[White "Dushin, Nikolay"]
[Black "Shagdurov, Denis"]
[Result "1-0"]
[WhiteElo "1993"]
[BlackElo "1789"]
[WhiteFideId "4114612"]
[BlackFideId "24136735"]
[EventDate "2011.10.14"]

1. Nf3 c5 2. c4 Nc6 3. Nc3 e5 4. d3 Nge7 5. e4 g6 6. Bg5 Bg7 7. Nd5 O-O 8. Be2
d6 9. Qd2 Be6 10. h4 Bxd5 11. cxd5 Nd4 12. Nxd4 exd4 13. h5 Re8 14. hxg6 hxg6
15. Bh6 Bh8 16. O-O-O b5 17. Rh3 c4 18. Rdh1 c3 19. Qg5 Rc8 20. b4 a5 21. Bg4
Ra8 22. Be6 axb4 23. Bf8 Kxf8 24. Rxh8+ Ng8 25. Rxg8+ 1-0

[Event "Chigorin Memorial Open"]
[Site "St Petersburg RUS"]
[Date "2011.10.16"]
[Round "3.121"]
[White "Chernyak, Viktoria"]
[Black "Nezbailo, Dmitry"]
[Result "1/2-1/2"]
[WhiteElo "1808"]
[BlackElo "1966"]
[WhiteFideId "24165956"]
[BlackFideId "4199057"]
[EventDate "2011.10.14"]

1. e4 c6 2. d4 d5 3. exd5 cxd5 4. Nf3 Nf6 5. Bd3 Nc6 6. O-O Bg4 7. c3 e6 8. Nbd2
Bd6 9. h3 Bh5 10. Qb3 Qc7 11. Re1 O-O-O 12. Qa4 Kb8 13. Bb5 Bxf3 14. Nxf3 Ne4
15. Bxc6 Qxc6 16. Qxc6 bxc6 17. Nd2 Nxd2 18. Bxd2 Rhe8 19. Rad1 Kb7 20. g3 e5
21. dxe5 Bxe5 22. Kg2 Bc7 23. Rxe8 Rxe8 24. Re1 Rxe1 25. Bxe1 Kc8 26. Kf3 Kd7
27. Bd2 Ke6 28. b4 a6 29. h4 h5 30. Be3 Be5 31. Bd2 Kf5 32. Be1 f6 33. Ke3 Ke6
34. f4 Bc7 35. Kf3 f5 36. Bf2 g6 37. Bc5 Bd8 38. Ke3 Bf6 39. Bd4 Be7 40. Kd3 Kd7
41. Bb6 Bf6 42. Bd4 Be7 43. Bb6 1/2-1/2

[Event "Chigorin Memorial Open"]
[Site "St Petersburg RUS"]
[Date "2011.10.16"]
[Round "3.122"]
[White "Sazonova, Anastasia"]
[Black "Skafar, Darya"]
[Result "1/2-1/2"]
[WhiteElo "1963"]
[BlackElo "1735"]
[WhiteFideId "24131008"]
[BlackFideId "24167169"]
[EventDate "2011.10.14"]

1. e4 e5 2. Nf3 Nc6 3. d4 exd4 4. Bc4 Nf6 5. e5 d5 6. Bb5 Ne4 7. Nxd4 Bd7 8.
Bxc6 bxc6 9. O-O Bc5 10. f3 Ng5 11. Be3 Bb6 12. f4 Ne4 13. Nd2 Nxd2 14. Qxd2 c5
15. Nf3 d4 16. Bf2 Bb5 17. Rfe1 c6 18. a3 Qd5 19. f5 O-O-O 20. a4 Ba6 21. a5 Bc7
22. b4 Rhe8 23. Bg3 cxb4 24. Qxb4 c5 25. Qa4 Qc4 26. Qxc4 Bxc4 27. Nd2 Bd5 28.
a6 Rd7 29. Ne4 Bxe4 30. Rxe4 Rde7 31. Rc1 g6 32. fxg6 hxg6 33. Rb1 Bb6 34. Kf1
Kd7 35. Ke2 f5 36. Rh4 g5 37. Rh6 f4 38. Bf2 Rxe5+ 39. Kf3 R8e6 40. Rh7+ Kc6 41.
Rg7 c4 42. Rg8 Re8 43. Rg6+ R8e6 44. Rg8 d3 45. Rxb6+ axb6 46. a7 Re8 47. a8=Q+
Rxa8 48. Rxa8 dxc2 49. Ra1 b5 50. Rc1 b4 51. Rxc2 c3 52. Bd4 Re8 53. Kg4 1/2-1/2

[Event "Chigorin Memorial Open"]
[Site "St Petersburg RUS"]
[Date "2011.10.16"]
[Round "3.123"]
[White "Gusev, Boris"]
[Black "Kondratiev, Denis"]
[Result "0-1"]
[WhiteElo "1734"]
[BlackElo "1960"]
[WhiteFideId "24121479"]
[BlackFideId "4181220"]
[EventDate "2011.10.14"]

1. e4 c5 2. Nf3 e6 3. d4 cxd4 4. Nxd4 a6 5. Be3 Nf6 6. Bd3 d6 7. Nc3 Be7 8. f3
O-O 9. Qd2 b5 10. Nce2 Bd7 11. g4 Nc6 12. g5 Ne8 13. f4 e5 14. Nf5 Bxf5 15. exf5
d5 16. c3 d4 17. Be4 dxe3 18. Qxd8 Rxd8 19. Bxc6 exf4 20. f6 gxf6 21. gxf6 Bxf6
22. Nxf4 Rd2 23. Rg1+ Kh8 24. Rg2 Bh4+ 25. Kf1 Bf2 26. b3 Ng7 27. a4 Nf5 28.
axb5 axb5 29. Nh5 Nh4 30. Rg7 Ng6 31. Ra7 Rd1+ 32. Ke2 Re1+ 33. Kf3 Ne5+ 34. Ke4
e2 35. Kxe5 Rf1 36. Be4 Re8+ 37. Kd5 Rd1+ 38. Kc6 Re6+ 39. Kxb5 Bxa7 0-1

[Event "Chigorin Memorial Open"]
[Site "St Petersburg RUS"]
[Date "2011.10.16"]
[Round "3.126"]
[White "Andreeva, Yulia"]
[Black "Popov, Artemiy"]
[Result "0-1"]
[WhiteElo "1940"]
[BlackElo "1649"]
[WhiteFideId "4108302"]
[BlackFideId "24136727"]
[EventDate "2011.10.14"]

1. d4 Nf6 2. c4 e6 3. Nc3 Bb4 4. e3 O-O 5. Bd3 c5 6. Nf3 d5 7. O-O Nc6 8. h3
dxc4 9. Bxc4 Qe7 10. Na4 cxd4 11. Nxd4 Ne5 12. Be2 Rd8 13. a3 Bd6 14. b4 Ng6 15.
Qb3 e5 16. Nb5 Be6 17. Bc4 Bxc4 18. Qxc4 Rac8 19. Qb3 Bb8 20. Bb2 Ne4 21. Qa2
Qg5 22. Kh2 Nh4 23. g3 Nxg3 24. fxg3 Rc2+ 25. Kh1 Nf5 0-1

[Event "Chigorin Memorial Open"]
[Site "St Petersburg RUS"]
[Date "2011.10.17"]
[Round "4.2"]
[White "Zontakh, Andrey"]
[Black "Bocharov, Dmitry"]
[Result "1/2-1/2"]
[WhiteTitle "GM"]
[BlackTitle "GM"]
[WhiteElo "2569"]
[BlackElo "2582"]
[WhiteFideId "14101130"]
[BlackFideId "4138716"]
[EventDate "2011.10.14"]

1. Nf3 c5 2. c4 Nc6 3. Nc3 g6 4. e3 Bg7 5. d4 Nf6 6. d5 Na5 7. e4 O-O 8. Bd3 d6
9. h3 a6 10. O-O Rb8 11. Re1 b5 12. cxb5 c4 13. Bc2 axb5 14. a3 Nd7 15. Nd4 Ba6
16. Na2 Qb6 17. Be3 Nc5 18. Nb4 Bb7 19. f4 Rbe8 20. f5 Qd8 21. Rb1 Qd7 22. Qg4
Rc8 23. fxg6 hxg6 24. Qxd7 Nxd7 25. Nxb5 Rb8 26. Nd4 Rfc8 27. Rbc1 Nc5 28. Red1
Kf8 29. Kf1 Ba6 30. Rb1 Bb7 31. Ke2 Ba8 32. g4 e6 33. Ndc6 Bxc6 34. dxc6 Be5 35.
Bxc5 dxc5 36. Na6 Rxb2 37. Rxb2 Bxb2 38. c7 Nc6 39. Ba4 Nd4+ 40. Rxd4 cxd4 41.
Bd7 Rxc7 42. Nxc7 Bxa3 43. e5 Bb2 44. Bb5 d3+ 45. Ke3 Bxe5 46. Na8 Bf6 47. Nb6
Bg5+ 48. Kd4 d2 49. Ba4 Ke7 50. Nxc4 f5 51. Bd1 Kf6 52. Kc3 Bf4 53. Nxd2 Bxd2+
54. Kxd2 Kg5 55. Bb3 fxg4 56. hxg4 1/2-1/2

[Event "Chigorin Memorial Open"]
[Site "St Petersburg RUS"]
[Date "2011.10.17"]
[Round "4.3"]
[White "Lintchevski, Daniil"]
[Black "Deviatkin, Andrei"]
[Result "1-0"]
[WhiteTitle "GM"]
[BlackTitle "GM"]
[WhiteElo "2558"]
[BlackElo "2580"]
[WhiteFideId "4171055"]
[BlackFideId "4121260"]
[EventDate "2011.10.14"]

1. d4 d5 2. c4 c6 3. Nf3 Nf6 4. Nc3 e6 5. Bg5 Nbd7 6. cxd5 cxd5 7. e3 Be7 8. Bd3
a6 9. O-O b5 10. Ne2 Bb7 11. a4 bxa4 12. Qxa4 O-O 13. Rfc1 Bd6 14. Bf4 Bxf4 15.
Nxf4 Ne4 16. Qa5 Qxa5 17. Rxa5 Rfc8 18. Raa1 Rxc1+ 19. Rxc1 Rc8 20. Rxc8+ Bxc8
21. Kf1 a5 22. Ke1 Nd6 23. Nd2 Nb6 24. Kd1 Bd7 25. Kc1 Bb5 26. Bc2 a4 27. Nd3
Ndc4 28. Nb1 Kf8 29. Nc5 Bc6 30. Nc3 a3 31. b3 Nd6 32. Kb1 Ke7 33. Ka2 f5 34.
Kxa3 Ne4 35. N5xe4 dxe4 36. Kb4 Kd6 37. Ka5 Nd7 38. b4 e5 39. Ka6 exd4 40. exd4
Nf6 41. b5 Nd5 42. Nxe4+ fxe4 43. bxc6 Nb4+ 44. Kb6 Nxc6 45. Bxe4 Nxd4 46. Bxh7
g5 47. Be4 Ke5 48. Bd3 Nb3 49. Kc6 Nd2 50. h3 Nb3 51. Bc4 Nd2 52. Bd5 Nb1 53.
Kc5 Nd2 54. Ba8 Kf4 55. Kd4 Nb3+ 56. Kd5 Nc1 57. Ke6 Ne2 58. Kf6 g4 59. hxg4
Kxg4 60. Bf3+ Kh4 61. Ke5 Nc1 62. Be4 Nb3 63. Bf5 Nc5 64. g3+ Kg5 65. f4+ Kh6
66. Kf6 Nb7 67. g4 Nd6 68. g5+ Kh5 69. Ke6 Nb5 70. Ke5 Nc7 71. Bd7 Kg6 72. Bc6
Na6 73. Be4+ Kh5 74. Kf5 Nc7 75. Bc6 Na6 76. Bf3+ Kh4 77. g6 1-0

[Event "Chigorin Memorial Open"]
[Site "St Petersburg RUS"]
[Date "2011.10.17"]
[Round "4.4"]
[White "Smirnov, Pavel"]
[Black "Eliseev, Urii"]
[Result "1/2-1/2"]
[WhiteTitle "GM"]
[WhiteElo "2580"]
[BlackElo "2441"]
[WhiteFideId "4123425"]
[BlackFideId "24131920"]
[EventDate "2011.10.14"]

1. Nf3 d5 2. d4 Nf6 3. c4 dxc4 4. e3 e6 5. Bxc4 c5 6. O-O a6 7. dxc5 Qxd1 8.
Rxd1 Bxc5 9. Be2 Nbd7 10. Nc3 b6 11. Nd2 Bb7 12. Na4 Bb4 13. a3 Bd6 14. Nc4 Bc7
15. Nd6+ Bxd6 16. Rxd6 b5 17. Nc3 Nc5 18. b4 Nb3 19. Rb1 Nxc1 20. Rxc1 Ke7 21.
Rdd1 Rhc8 22. a4 a5 23. Nxb5 axb4 24. Rxc8 Bxc8 25. Rb1 Rxa4 26. Bd1 Ra6 27.
Rxb4 Ra1 28. Nc3 Nd5 29. Rb1 Rxb1 30. Nxb1 Nf6 31. Nd2 Nd5 32. Nb1 Nf6 33. Nd2
Nd5 34. Nb1 1/2-1/2

[Event "Chigorin Memorial Open"]
[Site "St Petersburg RUS"]
[Date "2011.10.17"]
[Round "4.5"]
[White "Smirnov, Artem"]
[Black "Kovchan, Alexander"]
[Result "1/2-1/2"]
[WhiteTitle "IM"]
[BlackTitle "GM"]
[WhiteElo "2444"]
[BlackElo "2569"]
[WhiteFideId "4143256"]
[BlackFideId "14103052"]
[EventDate "2011.10.14"]

1. d4 Nf6 2. c4 g6 3. Nc3 d5 4. Nf3 Bg7 5. Bf4 O-O 6. e3 c5 7. dxc5 Ne4 8. Rc1
Nxc3 9. bxc3 Nd7 10. cxd5 Nxc5 11. Be5 f6 12. Bg3 Qa5 13. Bc4 e5 14. dxe6 Bxe6
15. Bxe6+ Nxe6 16. Qb3 Qa6 17. Nd4 Rae8 18. Nb5 Kh8 19. O-O Nc5 20. Qb1 Rc8 21.
Rfd1 f5 22. Bd6 Rg8 23. Bxc5 Rxc5 24. Nd6 Rc7 25. Qb3 Rf8 26. c4 b6 27. Rd5 Re7
28. g3 h5 29. h4 Kh7 30. Rcd1 Be5 31. Qb4 Bxd6 32. Rxd6 Qb7 33. R1d5 Rc8 34. Qc3
Rc6 35. Qf6 Rxd6 36. Rxd6 Rg7 37. Rd8 Qe7 38. Qd4 Qe6 39. Qd5 Qxd5 40. cxd5 Rc7
41. Kg2 Kg7 42. d6 Rc6 43. Kf3 Kf7 44. Kf4 Rc2 45. Ke5 Rc5+ 46. Kd4 Ra5 47. Rg8
Rxa2 48. Kc3 Ra3+ 49. Kc2 Ra2+ 50. Kc3 Ra3+ 51. Kc2 Ra2+ 1/2-1/2

[Event "Chigorin Memorial Open"]
[Site "St Petersburg RUS"]
[Date "2011.10.17"]
[Round "4.6"]
[White "Zvjaginsev, Vadim"]
[Black "Stukopin, Andrey"]
[Result "0-1"]
[WhiteTitle "GM"]
[BlackTitle "IM"]
[WhiteElo "2666"]
[BlackElo "2438"]
[WhiteFideId "4113403"]
[BlackFideId "24107131"]
[EventDate "2011.10.14"]

1. e4 c5 2. Nf3 e6 3. c3 Nf6 4. d3 Nc6 5. g3 d5 6. e5 Nd7 7. d4 Be7 8. Bg2 b5 9.
O-O O-O 10. a3 a5 11. h4 Ba6 12. Re1 b4 13. Be3 Nb6 14. Nbd2 cxd4 15. cxd4 a4
16. Ng5 bxa3 17. bxa3 Na5 18. Qh5 Bd3 19. Bf1 Bg6 20. Qd1 Rc8 21. Ra2 Rc3 22.
Nh3 Qc7 23. Nf4 Bf5 24. Bb5 Rc8 25. Ne2 Bc2 26. Qa1 Rb3 27. Ba6 Ra8 28. Rc1 Rxa6
29. Rcxc2 Nbc4 30. Qd1 Qb8 31. Nxc4 Nxc4 32. Bc1 Qf8 33. Rc3 Rab6 34. Kg2 h5 35.
Qc2 g6 36. Ra1 Rb8 37. Qd1 Nxa3 38. Bxa3 Bxa3 39. Rc2 Qb4 40. Nf4 Bb2 41. Ra2 a3
42. Nxh5 gxh5 43. Qxh5 Qf8 0-1

[Event "Chigorin Memorial Open"]
[Site "St Petersburg RUS"]
[Date "2011.10.17"]
[Round "4.8"]
[White "Azarov, Sergei"]
[Black "Yevseev, Denis"]
[Result "1/2-1/2"]
[WhiteTitle "GM"]
[BlackTitle "GM"]
[WhiteElo "2648"]
[BlackElo "2529"]
[WhiteFideId "13501470"]
[BlackFideId "4126378"]
[EventDate "2011.10.14"]

1. e4 c6 2. Nc3 d5 3. Nf3 Bg4 4. h3 Bxf3 5. Qxf3 e6 6. Be2 Nf6 7. O-O Nbd7 8. d4
dxe4 9. Nxe4 Nxe4 10. Qxe4 Nf6 11. Qd3 Be7 12. Bf3 O-O 13. Rd1 Qc7 14. c4 Rfd8
15. Qe2 Rd7 16. Be3 Rad8 17. a3 a5 18. Rac1 h6 19. g3 c5 20. dxc5 Bxc5 21. Bxc5
Qxc5 22. Bxb7 Rxd1+ 23. Rxd1 Rxd1+ 24. Qxd1 Qxc4 25. Qd8+ Kh7 26. Qxa5 Qc1+ 27.
Kg2 Qxb2 28. Qb4 Qxb4 29. axb4 Kg8 30. Kf3 Kf8 31. Ke3 Ke7 32. Kd4 Kd6 33. b5
Nd7 34. Bc6 Nb6 35. f4 f6 36. Be8 Nd5 37. Bf7 Nb6 38. Bg6 Nd5 39. Be4 Nb6 40.
Bf3 Nd7 41. Bd1 Nb6 42. Bb3 Nd7 43. Ba2 1/2-1/2

[Event "Chigorin Memorial Open"]
[Site "St Petersburg RUS"]
[Date "2011.10.17"]
[Round "4.11"]
[White "Kuzubov, Yuriy"]
[Black "Rychagov, Andrey"]
[Result "1-0"]
[WhiteTitle "GM"]
[BlackTitle "GM"]
[WhiteElo "2623"]
[BlackElo "2556"]
[WhiteFideId "14112906"]
[BlackFideId "4119932"]
[EventDate "2011.10.14"]

1. e4 e6 2. d4 d5 3. Nc3 Nf6 4. e5 Nfd7 5. f4 c5 6. Nf3 Nc6 7. Be3 Be7 8. Qd2
O-O 9. dxc5 Bxc5 10. O-O-O Qa5 11. Bxc5 Nxc5 12. h4 Bd7 13. Kb1 Rfd8 14. Nd4
Rac8 15. Qe3 Nxd4 16. Rxd4 Na4 17. Nxa4 Bxa4 18. Bd3 Bb5 19. g4 Bxd3 20. Qxd3
Rc6 21. f5 Rdc8 22. c3 Rc4 23. f6 Qc7 24. Rxc4 Qxc4 25. Qe3 gxf6 26. exf6 Kh8
27. g5 Rg8 28. Ka1 Qe4 29. Qh3 h5 30. Rf1 Kh7 31. Qg3 Rc8 32. a3 b5 33. Rf4 Qc2
34. Rb4 Rc4 35. Qf3 Kg6 36. Rxb5 Qe4 37. Qf1 Qf4 38. Qb1+ Qf5 39. Rb4 Re4 40.
Rb8 Qf2 41. Rg8+ Kf5 42. Ka2 Qxh4 43. Qf1+ Qf4 44. Qb5 Qc7 45. g6 Kxf6 46. gxf7
Qxf7 47. Qf1+ Ke7 48. Qg1 Kd6 49. Rg7 Qf8 50. Qxa7 Qc8 51. Qe7+ Kc6 52. b4 Kb5
53. a4+ Kc4 54. Qc7+ Qxc7 55. Rxc7+ Kd3 56. a5 Re2+ 57. Kb3 Re1 58. a6 Ra1 59.
a7 h4 60. Kb2 Ra4 61. b5 h3 62. b6 h2 63. Rh7 d4 64. cxd4 1-0

[Event "Chigorin Memorial Open"]
[Site "St Petersburg RUS"]
[Date "2011.10.17"]
[Round "4.12"]
[White "Mastrovasilis, Athanasios"]
[Black "Kokarev, Dmitry"]
[Result "1/2-1/2"]
[WhiteTitle "GM"]
[BlackTitle "GM"]
[WhiteElo "2529"]
[BlackElo "2619"]
[WhiteFideId "4201990"]
[BlackFideId "4132181"]
[EventDate "2011.10.14"]

1. d4 Nf6 2. Nf3 g6 3. g3 Bg7 4. Bg2 d5 5. O-O O-O 6. Bf4 c6 7. Qc1 a5 8. Bh6
Bg4 9. Bxg7 Kxg7 10. Nbd2 Nbd7 11. c4 e6 12. Qc3 Qe7 13. Rfe1 Bxf3 14. Bxf3 Rfd8
15. Rac1 Nb6 16. Red1 Qb4 17. e3 Nxc4 18. Nxc4 Qxc4 19. Qxc4 dxc4 20. Rxc4 h5
21. h4 Nd5 22. Rc5 Ra6 23. Rd2 Kf6 24. Be2 Ra7 25. Bf3 Ra6 26. Be2 Ra7 27. Bf3 1/2-1/2

[Event "Chigorin Memorial Open"]
[Site "St Petersburg RUS"]
[Date "2011.10.17"]
[Round "4.13"]
[White "Onischuk, Vladimir"]
[Black "Andriasian, Zaven"]
[Result "1-0"]
[WhiteTitle "IM"]
[BlackTitle "GM"]
[WhiteElo "2483"]
[BlackElo "2615"]
[WhiteFideId "14114038"]
[BlackFideId "13302000"]
[EventDate "2011.10.14"]

1. e4 c5 2. Nf3 d6 3. d4 cxd4 4. Nxd4 Nf6 5. Nc3 a6 6. Be2 g6 7. O-O Bg7 8. Bg5
O-O 9. Nb3 Nc6 10. f4 b5 11. Bf3 Bb7 12. Kh1 b4 13. Nd5 a5 14. Bxf6 exf6 15. f5
Ne5 16. Be2 a4 17. Nd4 Bxd5 18. exd5 Ra5 19. Nc6 Nxc6 20. dxc6 Qc7 21. Qd2 Rb8
22. a3 bxa3 23. bxa3 Rc5 24. Bf3 Rxf5 25. Bd5 Rxf1+ 26. Rxf1 h5 27. Qf4 f5 28.
Qxa4 Be5 29. Qc4 Kg7 30. a4 Qa7 31. a5 Qxa5 32. Bxf7 Qc7 33. Bd5 Qa7 34. Be6 Qc7
35. g3 Rb2 36. Kg2 Qb6 37. Bg8 Qc7 38. Rf2 Rb1 39. Be6 Rd1 40. Bd5 Kh6 41. Bf3
d5 42. Qc5 Re1 43. Qxd5 f4 44. Qd2 Re3 45. h4 Qb6 46. gxf4 Bxf4 47. Qd5 Be5 48.
c4 Qa7 49. Qd8 Re1 50. c7 Qa1 51. Qd2+ Kg7 52. Qxe1 1-0

[Event "Chigorin Memorial Open"]
[Site "St Petersburg RUS"]
[Date "2011.10.17"]
[Round "4.15"]
[White "Dvoirys, Semen I."]
[Black "Levin, Evgeny A."]
[Result "1-0"]
[WhiteTitle "GM"]
[BlackTitle "GM"]
[WhiteElo "2598"]
[BlackElo "2481"]
[WhiteFideId "4100379"]
[BlackFideId "4182596"]
[EventDate "2011.10.14"]

1. e4 e6 2. d4 d5 3. Nd2 Nf6 4. e5 Nfd7 5. c3 c5 6. Bd3 Nc6 7. Ne2 cxd4 8. cxd4
f6 9. exf6 Nxf6 10. O-O Bd6 11. Nf3 Qc7 12. Nc3 a6 13. Be3 O-O 14. Rc1 Bd7 15.
Na4 h6 16. Nc5 Ng4 17. Nxd7 Qxd7 18. h3 Nxe3 19. fxe3 Bc7 20. Bb1 Qd6 21. Qc2
Rf5 22. Qb3 Rg5 23. Nxg5 Qh2+ 24. Kf2 Rf8+ 25. Nf3 Bg3+ 26. Ke2 Qxg2+ 27. Kd3
Rxf3 28. Rxf3 Qxf3 29. Qxb7 Qe4+ 30. Kd2 Qg2+ 31. Kc3 Na5 32. Qe7 1-0